000 00404nam a22001577a 4500
003 OSt
008 110411b xxu||||| |||| 00| 0 eng d
100 1 _aGibbons, Stanley
020 _a9780852593929
041 _aeng
245 1 0 _aStamp Catalogue: Countries J-Z, 1995 Pt.1
260 _aUS
_bStanley Gibbons Limited
300 _a768 pages
650 0 _aAntiques & Collectibles
700 1 _aAggersberg, D.J.
999 _c244
_d244